[Event "5th Open"]
[Site "Dubai"]
[Date "2003.04.29"]
[Round "9"]
[White "Goloshchapov, Alexander"]
[Black "Aleksandrov, Aleksej"]
[Result "0-1"]
[WhiteElo "2558"]
[BlackElo "2650"]
[PlyCount "126"]
[EventDate "2003.04.21"]
[Source "Roberto Alvarez"]
[SourceDate "2003.05.05"]

1. e4 e5 2. Nf3 Nc6 3. Bb5 Nf6 4. O-O Nxe4 5. d4 Nd6 6. dxe5 Nxb5 7. a4 d6 8. axb5 Nxe5 9. Re1 Be7 10. Nxe5 dxe5 11. Qxd8+ Kxd8 12. Rxe5 Bd6 13. Re2 Bg4 14. f3 Bf5 15. Be3 Re8 16. Kf2 b6 17. Nd2 Kc8 18. Ne4 Bxe4 19. Bd4 c5 20. Bc3 Bc6 21. bxc6 Rxe2+ 22. Kxe2 g6 23. Ra4 Kc7 24. Rh4 h5 25. g4 Re8+ 26. Kf2 hxg4 27. fxg4 Re4 28. h3 Kxc6 29. Rh7 Rf4+ 30. Ke2 b5 31. Bd2 Re4+ 32. Kf2 Re7 33. h4 Be5 34. b3 Rd7 35. Ke2 b4 36. h5 gxh5 37. gxh5 a5 38. Rh6+ Kb5 39. Bg5 Bg7 40. Rh7 Bd4 41. Rh6 a4 42. bxa4+ Kxa4 43. Bf6 Ka3 44. Bxd4 Rxd4 45. Rc6 Rc4 46. Kd3 Rc3+ 47. Kd2 Kb2 48. h6 Rxc2+ 49. Kd3 Rc3+ 50. Kd2 Rh3 51. Rxc5 Rxh6 52. Kd3 Rh3+ 53. Kc4 Rh4+ 54. Kd3 Rf4 55. Ke3 Rf6 56. Kd3 b3 57. Rc7 Kb1 58. Kc3 Rf3+ 59. Kd2 b2 60. Ra7 f5 61. Ra4 f4 62. Ke2 Rb3 63. Kd2 f3 0-1

[Event "HUN-ch"]
[Site "Budapest"]
[Date "1997.10.31"]
[Round "10"]
[White "Sax, Gyula"]
[Black "Pinter, Jozsef"]
[Result "1/2-1/2"]
[WhiteElo "2570"]
[BlackElo "2590"]
[PlyCount "21"]
[EventDate "1997.10.21"]
[Source "ChessBase"]
[SourceDate "1998.01.31"]

1. e4 e5 2. Nf3 Nc6 3. Bb5 Nf6 4. O-O Nxe4 5. d4 Nd6 6. dxe5 Nxb5 7. a4 Nbd4 8. Nxd4 Nxd4 9. Qxd4 d5 10. Nc3 c6 11. Be3 1/2-1/2

[Event "FRA Ch Top 16 GpA"]
[Site "?"]
[Date "2005.04.02"]
[Round "6"]
[White "Apicella Manuel"]
[Black "Dautov Rustem"]
[Result "0-1"]
[WhiteElo "2543"]
[BlackElo "2609"]
[PlyCount "82"]
[EventDate "2005.??.??"]
[Source "www.chesslib.no"]
[SourceDate "2004.05.04"]

1. e4 e5 2. Nf3 Nc6 3. Bb5 Nf6 4. O-O Nxe4 5. d4 Nd6 6. dxe5 Nxb5 7. a4 Nbd4 8. Nxd4 Nxd4 9. Qxd4 d5 10. Nc3 c6 11. Be3 Bf5 12. f4 Qb6 13. Qxb6 axb6 14. Bxb6 Bxc2 15. f5 g6 16. e6 fxe6 17. fxe6 Bf5 18. Rae1 h5 19. a5 Bb4 20. Kh1 O-O 21. Rf4 Bd6 22. Rf2 Rae8 23. Rfe2 Bg4 24. Re3 Bf4 25. e7 Rf7 26. h3 Bxe3 27. Rxe3 Bf5 28. Bc5 d4 29. Bxd4 Rexe7 30. Rxe7 Rxe7 31. Kg1 Re1+ 32. Kf2 Rc1 33. b4 Rc2+ 34. Kf3 Rb2 35. Kf4 Rxg2 36. h4 Rg4+ 37. Ke5 Rxh4 38. Bc5 Bd3 39. Kd6 Rf4 40. Kc7 Rf7+ 41. Kb6 h4 0-1

[Event "It (active)"]
[Site "Liepaya (Latvia)"]
[Date "2007.08.04"]
[Round "9"]
[White "Malisauskas Vidmantas (LTU)"]
[Black "Naiditsch Arkadij (GER)"]
[Result "1/2-1/2"]
[WhiteElo "2495"]
[BlackElo "2652"]
[PlyCount "42"]
[EventDate "2007.??.??"]
[Source "www.chesslib.no"]
[SourceDate "2004.05.04"]

1. e4 e5 2. Nf3 Nc6 3. Bb5 Nf6 4. O-O Nxe4 5. d4 Nd6 6. dxe5 Nxb5 7. a4 Nbd4 8. Nxd4 Nxd4 9. Qxd4 d5 10. exd6 Qxd6 11. Qe4+ Qe6 12. Qf3 Bd6 13. Nc3 O-O 14. Nb5 Qg6 15. Nxd6 cxd6 16. c3 Bf5 17. Be3 a6 18. Rfe1 Rfe8 19. Qg3 Be4 20. Qxg6 Bxg6 21. Red1 Rad8 1/2-1/2

[Event "Minsk"]
[Site "?"]
[Date "2006.07.15"]
[Round "6"]
[White "Popov Ivan"]
[Black "Aleksandrov Aleksej"]
[Result "1-0"]
[WhiteElo "2485"]
[BlackElo "2627"]
[PlyCount "105"]
[EventDate "2006.??.??"]
[Source "www.chesslib.no"]
[SourceDate "2004.05.04"]

1. e4 e5 2. Nf3 Nc6 3. Bb5 Nf6 4. O-O Nxe4 5. d4 Nd6 6. dxe5 Nxb5 7. a4 d6 8. e6 fxe6 9. axb5 Ne7 10. Nc3 Ng8 11. Ng5 Be7 12. f4 Nf6 13. Re1 O-O 14. Qe2 Nd5 15. Nxe6 Nxc3 16. bxc3 Bxe6 17. Qxe6+ Rf7 18. Be3 Bf6 19. Bd4 Qd7 20. Qxd7 Rxd7 21. Bxf6 gxf6 22. Ra4 Kf7 23. Rea1 Ke6 24. Rxa7 Rxa7 25. Rxa7 b6 26. Kf2 Kd5 27. Ke3 f5 28. Kd3 Rg7 29. g3 h5 30. c4+ Ke6 31. Ra3 h4 32. Kd4 hxg3 33. Re3+ Kd7 34. Rxg3 Rh7 35. Kd5 Rxh2 36. Rg7+ Kd8 37. Ke6 Kc8 38. Kxf5 Rxc2 39. Kg6 Rxc4 40. f5 Rg4+ 41. Kf7 Rb4 42. f6 Rxb5 43. Kg6 Rb1 44. f7 Rf1 45. Rg8+ Kd7 46. f8=Q Rxf8 47. Rxf8 Ke6 48. Rf5 c5 49. Kg5 b5 50. Kf4 b4 51. Ke4 b3 52. Rh5 c4 53. Kd4 1-0

[Event "Dos Hermanas op 3rd"]
[Site "Dos Hermanas"]
[Date "2002.04.11"]
[Round "7"]
[White "Del Rio Angelis, Salvador Gabriel"]
[Black "Korneev, Oleg"]
[Result "1/2-1/2"]
[WhiteElo "2509"]
[BlackElo "2568"]
[PlyCount "124"]
[EventDate "2002.04.05"]
[Source "ChessBase"]
[SourceDate "2002.05.03"]

1. e4 e5 2. Nf3 Nc6 3. Bb5 Nf6 4. O-O Nxe4 5. d4 Nd6 6. dxe5 Nxb5 7. a4 Nbd4 8. Nxd4 Nxd4 9. Qxd4 d5 10. exd6 Qxd6 11. Qc3 Be6 12. Na3 a6 13. b3 O-O-O 14. Bb2 Qd2 15. Qg3 Bd6 16. Be5 Bxe5 17. Qxe5 Qd4 18. Qh5 Rd5 19. Qf3 Rf5 20. Qe2 Qe5 21. Rfe1 Qxe2 22. Rxe2 Rd8 23. f3 h5 24. Rae1 h4 25. h3 b5 26. axb5 axb5 27. b4 c6 28. c3 Rd3 29. Re3 Rd2 30. R3e2 Rd3 31. Re3 Rd2 32. R3e2 Rfd5 33. Kf2 Rd7 34. Rxd2 Rxd2+ 35. Re2 Rd1 36. Ke3 Bf5 37. Kf4 Bd3 38. Re3 f6 39. Kg4 g5 40. f4 gxf4 41. Kxf4 Rd2 42. g3 hxg3 43. Rxg3 Kd7 44. h4 Ke6 45. h5 Rd1 46. h6 Bh7 47. Rg7 Bf5 48. Rc7 Rf1+ 49. Ke3 Kd6 50. Rf7 Ke5 51. Re7+ Kd5 52. Rf7 Ke5 53. Re7+ Be6 54. Nc2 Kd6 55. Re8 Rh1 56. Nd4 Bd7 57. Rh8 Rh3+ 58. Kd2 Rh2+ 59. Ke3 Rh3+ 60. Kd2 Rh2+ 61. Ke3 Rh3+ 62. Kd2 Rh2+ 1/2-1/2

[Event "Saint Petersburg 81/271"]
[Site "?"]
[Date "2001.??.??"]
[Round "?"]
[White "Ivanov, Se"]
[Black "Yemelin, V."]
[Result "1/2-1/2"]
[WhiteElo "2547"]
[BlackElo "2522"]
[PlyCount "85"]
[EventDate "2001.??.??"]
[Source "Chess Informant"]
[SourceDate "2001.02.01"]

1. e4 e5 2. Nf3 Nc6 3. Bb5 Nf6 4. O-O Nxe4 5. d4 Nd6 6. dxe5 Nxb5 7. a4 d6 8. e6 fxe6 9. axb5 Ne7 10. Nc3 Nf5 11. Nd4 Nxd4 12. Qxd4 Kf7 13. f4 Be7 14. f5 exf5 15. Qd5+ Be6 16. Qxb7 Qb8 17. Qf3 Bf6 18. Bg5 Bd4+ 19. Kh1 Re8 20. Rfe1 Bxc3 21. Qxc3 Qxb5 22. Qxc7+ Qd7 23. Qxd7+ Bxd7 24. Red1 Re2 25. Rxd6 Bb5 26. Rd2 Rae8 27. Rxa7+ Kg6 28. h4 h6 29. Rd6+ Kh5 30. Bd2 g5 31. hxg5 hxg5 32. Rg7 f4 33. Rdg6 R8e5 34. Bc3 Rd5 35. Bf6 Bc6 36. Rxg5+ Rxg5 37. Rxg5+ Kh6 38. Rc5 Bxg2+ 39. Kg1 Kg6 40. Bg5 Be4 41. Bxf4 Rxc2 42. Rxc2 Bxc2 43. Kf2 1/2-1/2

[Event "Bern (zt)"]
[Site "?"]
[Date "1990.??.??"]
[Round "?"]
[White "Kindermann, S."]
[Black "Hickl, J."]
[Result "1-0"]
[WhiteElo "2560"]
[BlackElo "2500"]
[PlyCount "69"]
[EventDate "1990.??.??"]
[Source "ChessBase"]
[SourceDate "1990.01.01"]

1. e4 e5 2. Nf3 Nc6 3. Bb5 Nf6 4. O-O Nxe4 5. d4 Nd6 6. dxe5 Nxb5 7. a4 Nbd4 8. Nxd4 Nxd4 9. Qxd4 d5 10. Nc3 c6 11. a5 Bf5 12. f4 Bxc2 13. f5 c5 14. Qg4 d4 15. Bg5 h5 16. Qf3 Qd7 17. e6 Qc6 18. Nd5 f6 19. a6 Kd8 20. Bf4 Rc8 21. axb7 Qxb7 22. Bd2 Rb8 23. Ba5+ Kc8 24. e7 Bxe7 25. Nxe7+ Kd7 26. Qe2 Bb3 27. Ng6 Rhe8 28. Qxh5 Bc4 29. Rf2 Qa6 30. Qd1 Rb5 31. Bd2 Qb7 32. Qa4 Bd5 33. Nf4 Bc6 34. Qc4 Kc8 35. b4 1-0

[Event "Pardubice Czech op"]
[Site "Pardubice"]
[Date "1998.??.??"]
[Round "7"]
[White "Manik, Mikulas"]
[Black "Malaniuk, Vladimir P"]
[Result "1/2-1/2"]
[WhiteElo "2460"]
[BlackElo "2600"]
[PlyCount "41"]
[EventDate "1998.07.??"]
[Source "www.chesslib.no"]
[SourceDate "2004.05.04"]

1. e4 e5 2. Nf3 Nc6 3. Bb5 Nf6 4. O-O Nxe4 5. d4 Nd6 6. dxe5 Nxb5 7. a4 d6 8. axb5 Nxe5 9. Re1 Be7 10. Nxe5 dxe5 11. Qxd8+ Kxd8 12. Rxe5 Bd6 13. Re2 Bg4 14. f3 Bd7 15. c4 Bc5+ 16. Be3 Re8 17. Kf2 Rxe3 18. Rxe3 c6 19. bxc6 bxc6 20. b4 Bxe3+ 21. Kxe3 1/2-1/2

[Event "Iranian Super League"]
[Site "?"]
[Date "2005.??.??"]
[Round "10"]
[White "Guseinov Gadir"]
[Black "Pashikian Arman"]
[Result "1-0"]
[WhiteElo "2573"]
[BlackElo "2461"]
[PlyCount "59"]
[EventDate "2005.??.??"]
[Source "www.chesslib.no"]
[SourceDate "2004.05.04"]

1. e4 e5 2. Nf3 Nc6 3. Bb5 Nf6 4. O-O Nxe4 5. d4 Nd6 6. dxe5 Nxb5 7. a4 Nbd4 8. Nxd4 d6 9. Nxc6 bxc6 10. Qf3 dxe5 11. Qxc6+ Bd7 12. Qe4 Bd6 13. f4 O-O 14. fxe5 Qe7 15. Bf4 Rab8 16. Nd2 Bc5+ 17. Kh1 Rb4 18. Qd3 Rxa4 19. Rxa4 Bxa4 20. Ne4 Bc6 21. Nf6+ gxf6 22. Qg3+ Kh8 23. exf6 Bxg2+ 24. Qxg2 Qxf6 25. Bg5 Qg6 26. Bf6+ Kg8 27. Rf5 Be3 28. Rf3 Qxg2+ 29. Kxg2 Re8 30. Rg3+ 1-0

[Event "RUS-Cup1 Chigorin mem"]
[Site "St Petersburg"]
[Date "1996.??.??"]
[Round "1"]
[White "Rozentalis, Eduardas"]
[Black "Gorbatow, Alexej"]
[Result "1-0"]
[WhiteElo "2610"]
[BlackElo "2415"]
[PlyCount "81"]
[EventDate "1996.11.??"]
[Source "ChessBase"]

1. e4 e5 2. Nf3 Nc6 3. Bb5 Nf6 4. O-O Nxe4 5. d4 Nd6 6. dxe5 Nxb5 7. a4 Nbd4 8. Nxd4 Nxd4 9. Qxd4 d5 10. Nc3 c6 11. Ne2 h5 12. Qc3 h4 13. h3 a5 14. Nd4 Bb4 15. Qd3 Rh5 16. Be3 g6 17. f4 Bf5 18. Nxf5 Rxf5 19. c3 Bf8 20. c4 Bb4 21. Rad1 dxc4 22. Qxc4 Qe7 23. Bb6 Kf8 24. Rf3 Re8 25. Bf2 Rd8 26. Rxd8+ Qxd8 27. Rd3 Qe7 28. Bb6 Qe6 29. Rd8+ Kg7 30. Qd4 Be7 31. Rd6 Bxd6 32. exd6+ f6 33. d7 Qe1+ 34. Kh2 Qg3+ 35. Kh1 Rxf4 36. d8=Q Rf1+ 37. Qg1 Rxg1+ 38. Bxg1 Qb3 39. Qe7+ Kg8 40. Qxf6 Qxa4 41. Bd4 1-0

[Event "Lviv UKR"]
[Site "?"]
[Date "2006.02.06"]
[Round "5"]
[White "Oleksienko Mikhailo"]
[Black "Kryvoruchko Yuriy"]
[Result "0-1"]
[WhiteElo "2509"]
[BlackElo "2513"]
[PlyCount "120"]
[EventDate "2006.??.??"]
[Source "www.chesslib.no"]
[SourceDate "2004.05.04"]

1. e4 e5 2. Nf3 Nc6 3. Bb5 Nf6 4. O-O Nxe4 5. d4 Nd6 6. dxe5 Nxb5 7. a4 Nbd4 8. Nxd4 Nxd4 9. Qxd4 d5 10. Nc3 c6 11. Qd3 g6 12. Qg3 h5 13. Bg5 Be7 14. Bxe7 Qxe7 15. Ne2 h4 16. Qe3 Rh5 17. f4 Bf5 18. Nd4 Be4 19. c4 Qb4 20. b3 a5 21. Rac1 Kf8 22. cxd5 Bxd5 23. f5 Re8 24. e6 gxf5 25. Rxf5 Rxf5 26. Qh6+ Kg8 27. Nxf5 Qg4 28. exf7+ Kxf7 29. Qh7+ Kf6 30. Nxh4 Qd4+ 31. Kh1 Qe4 32. Rf1+ Ke6 33. Qg7 Kd6 34. Nf3 Rg8 35. Qf6+ Kc7 36. Re1 Qc2 37. Qf4+ Kb6 38. Rg1 Qf2 39. Qd4+ Qxd4 40. Nxd4 Kc5 41. Nf3 Kb4 42. h4 b5 43. axb5 cxb5 44. Rb1 Be4 45. Ra1 Bd5 46. Rb1 Rf8 47. Nd4 Rh8 48. Nf3 Bxb3 49. g4 a4 50. Kg2 Kc3 51. Kg3 a3 52. h5 a2 53. Ra1 Kb2 54. Rg1 a1=Q 55. Rxa1 Kxa1 56. Nd4 Bc4 57. Kh4 Kb2 58. Kg5 Kc3 59. Nxb5+ Bxb5 60. Kf6 Bd3 0-1

[Event "XVII Festival"]
[Site "Abu Dhabi EAU"]
[Date "2007.08.17"]
[Round "6"]
[White "Durarbeyli, V."]
[Black "Aleksandrov, A."]
[Result "1/2-1/2"]
[WhiteElo "2416"]
[BlackElo "2605"]
[PlyCount "49"]
[EventDate "2007.08.12"]
[Source "www.chesslib.no"]
[SourceDate "2004.05.04"]

1. e4 e5 2. Nf3 Nc6 3. Bb5 Nf6 4. O-O Nxe4 5. d4 Nd6 6. dxe5 Nxb5 7. a4 Nbd4 8. Nxd4 Nxd4 9. Qxd4 d5 10. exd6 Qxd6 11. Qe3+ Be7 12. Nc3 c6 13. Re1 Be6 14. Ne4 Qe5 15. Ng5 Qxe3 16. Bxe3 Bxg5 17. Bxg5 O-O 18. a5 Rfe8 19. Be3 Bf5 20. c3 f6 21. Bd4 a6 22. f3 Kf7 23. Kf2 Rad8 24. Rxe8 Rxe8 25. Re1 1/2-1/2

[Event "olm fin-A"]
[Site "Nice olm fin-A"]
[Date "1974.??.??"]
[Round "4"]
[White "Kuzmin, Gennadi P"]
[Black "Cuijpers, Frans A"]
[Result "1-0"]
[WhiteElo "2600"]
[BlackElo "2420"]
[PlyCount "93"]
[EventDate "1974.??.??"]
[Source "www.chesslib.no"]
[SourceDate "2004.05.04"]

1. e4 e5 2. Nf3 Nc6 3. Bb5 Nf6 4. O-O Nxe4 5. d4 Nd6 6. dxe5 Nxb5 7. a4 d6 8. axb5 Nxe5 9. Re1 Be7 10. Nxe5 dxe5 11. Qxd8+ Kxd8 12. Rxe5 Bd6 13. Rd5 Re8 14. Bg5+ Kd7 15. Nd2 b6 16. Bf4 Bb7 17. Rd4 Re6 18. Nc4 Re4 19. Rad1 Rxd4 20. Rxd4 Re8 21. f3 Re6 22. Kf2 f6 23. Nxd6 cxd6 24. Ra4 g5 25. Be3 Re5 26. Rxa7 Kc7 27. c4 h5 28. b3 Re8 29. Ra2 Re5 30. Rd2 Re6 31. h3 Ba8 32. Rd1 Bb7 33. g4 h4 34. Rd2 Re8 35. Bd4 Re6 36. Re2 Kd7 37. Bxb6 Rxe2+ 38. Kxe2 Ke6 39. Bd8 Ke5 40. Ke3 Bc8 41. b4 Bd7 42. Bc7 Ke6 43. Kd4 Be8 44. Bd8 Bd7 45. Bxf6 Kxf6 46. Kd5 Be6+ 47. Kxd6 1-0

[Event "URS Ch qual"]
[Site "Daugavpils LAT"]
[Date "1974.??.??"]
[Round "?"]
[White "Balashov, Yuri S"]
[Black "Romanishin, Oleg M"]
[Result "1/2-1/2"]
[WhiteElo "2540"]
[BlackElo "2470"]
[PlyCount "54"]
[EventDate "1974.??.??"]
[Source "www.chesslib.no"]
[SourceDate "2004.05.04"]

1. e4 e5 2. Nf3 Nc6 3. Bb5 Nf6 4. O-O Nxe4 5. d4 Nd6 6. dxe5 Nxb5 7. a4 d6 8. e6 Bxe6 9. axb5 Ne5 10. Nd4 c5 11. Nxe6 fxe6 12. f4 Nf7 13. Re1 Qd7 14. Nc3 Be7 15. f5 e5 16. Nd5 O-O 17. Qg4 Bd8 18. c4 Nh8 19. Rf1 Ng6 20. Qe4 Ne7 21. g4 Nxd5 22. Qxd5+ Qf7 23. Qe4 Bb6 24. Be3 a6 25. bxa6 bxa6 26. b3 Bc7 27. Rf3 Rfd8 1/2-1/2

[Event "ECC"]
[Site "Rethymnon"]
[Date "2003.10.04"]
[Round "7"]
[White "Polzin, Rainer"]
[Black "Parker, Jonathan"]
[Result "1/2-1/2"]
[WhiteElo "2464"]
[BlackElo "2541"]
[PlyCount "46"]
[EventDate "2003.09.28"]
[Source "Roberto Alvarez"]
[SourceDate "2003.10.06"]

1. e4 e5 2. Nf3 Nc6 3. Bb5 Nf6 4. O-O Nxe4 5. d4 Nd6 6. dxe5 Nxb5 7. a4 Nbd4 8. Nxd4 Nxd4 9. Qxd4 d5 10. Nc3 c6 11. a5 Bf5 12. f4 Qd7 13. Rf2 Be7 14. Be3 O-O 15. Qa4 Rfe8 16. Rd2 Qe6 17. b4 f6 18. Bd4 fxe5 19. Bxe5 d4 20. Ne2 d3 21. cxd3 Bxd3 22. Nd4 Qc4 23. Rad1 Bg6 1/2-1/2

[Event "Europa ch 2008"]
[Site "Plovdiv BUL"]
[Date "2008.04.25"]
[Round "5.62"]
[White "Kapnisis, Spyridon"]
[Black "Aleksandrov, Aleksej"]
[Result "1/2-1/2"]
[WhiteElo "2412"]
[BlackElo "2582"]
[PlyCount "98"]
[EventDate "2008.04.21"]
[Source "www.chesslib.no"]
[SourceDate "2004.05.04"]

1. e4 e5 2. Nf3 Nc6 3. Bb5 Nf6 4. O-O Nxe4 5. d4 Nd6 6. dxe5 Nxb5 7. a4 d6 8. e6 fxe6 9. axb5 Ne7 10. Ng5 h6 11. Ne4 Kf7 12. b6 Nd5 13. bxc7 Nxc7 14. Ra3 d5 15. Rg3 Bd7 16. Qf3+ Ke7 17. Nd6 Nb5 18. Nxb5 Bxb5 19. Re1 Qd7 20. Rg6 Re8 21. Nc3 Bc6 22. Rgxe6+ Qxe6 23. Rxe6+ Kxe6 24. Be3 Be7 25. Qg4+ Kf7 26. Nxd5 Bxd5 27. Qf5+ Bf6 28. Qxd5+ Kg6 29. Qd3+ Kf7 30. Qb3+ Kg6 31. Qxb7 Re7 32. Qb5 Rd8 33. g3 Bg5 34. Qc6+ Bf6 35. b3 Kh7 36. Kg2 Bd4 37. Bxd4 Rxd4 38. Qc5 Rdd7 39. c4 g6 40. Qa5 Re2 41. Qc5 h5 42. h4 Rb2 43. Qa3 Rc2 44. Qf8 a5 45. Qf6 Ra7 46. Qf3 a4 47. Qd3 axb3 48. Qxb3 Rc1 49. Qd3 Rc7 1/2-1/2

[Event "XI Open"]
[Site "Malaga ESP"]
[Date "2008.02.28"]
[Round "7"]
[White "Huerga Leache, M."]
[Black "Rivas Pastor, M."]
[Result "1-0"]
[WhiteElo "2440"]
[BlackElo "2505"]
[PlyCount "87"]
[EventDate "2008.02.23"]
[Source "www.chesslib.no"]
[SourceDate "2004.05.04"]

1. e4 e5 2. Nf3 Nc6 3. Bb5 Nf6 4. O-O Nxe4 5. d4 Nd6 6. dxe5 Nxb5 7. a4 Nbd4 8. Nxd4 Nxd4 9. Qxd4 d5 10. Nc3 c6 11. Qd3 Qd7 12. Ne2 Qf5 13. Qc3 Be7 14. f4 Qg6 15. f5 Bxf5 16. Nf4 Qg4 17. h3 Qh4 18. g3 Qh6 19. g4 g5 20. Nxd5 cxd5 21. Rxf5 O-O 22. Qf3 Rac8 23. c3 Qb6+ 24. Kh1 h6 25. h4 Qg6 26. Be3 gxh4 27. Rf1 Rc6 28. Qxd5 a6 29. Qf3 b5 30. axb5 axb5 31. g5 h5 32. Rf6 Bxf6 33. gxf6 Rc4 34. Bd4 Kh8 35. Rg1 Qh6 36. Rg7 Rxd4 37. cxd4 Rg8 38. Rxg8+ Kxg8 39. Qg2+ Kh7 40. Qg1 h3 41. d5 h2 42. Qg7+ Qxg7 43. fxg7 Kxg7 44. d6 1-0

[Event "Vladimir (Russia)"]
[Site "?"]
[Date "2002.??.??"]
[Round "?"]
[White "Solovjov Sergey I"]
[Black "Shinkevich Vitaly"]
[Result "1/2-1/2"]
[WhiteElo "2456"]
[BlackElo "2458"]
[PlyCount "80"]
[EventDate "2002.??.??"]
[Source "www.chesslib.no"]
[SourceDate "2004.05.04"]

1. e4 e5 2. Nf3 Nc6 3. Bb5 Nf6 4. O-O Nxe4 5. d4 Nd6 6. dxe5 Nxb5 7. a4 Nbd4 8. Nxd4 Nxd4 9. Qxd4 d5 10. Nc3 c6 11. Qd3 Qd7 12. Be3 Qf5 13. Qd2 Be7 14. f4 O-O 15. Rae1 Bb4 16. Rd1 Kh8 17. Qf2 b6 18. h3 Ba6 19. Rfe1 f6 20. e6 Qxe6 21. Bc5 Qxe1+ 22. Qxe1 Bxc5+ 23. Kh1 Rfe8 24. Qh4 Be3 25. f5 Re5 26. Re1 Rae8 27. Qh5 d4 28. Nd1 R8e7 29. Nxe3 dxe3 30. Qf3 h6 31. Qxc6 Rxf5 32. Qd6 Rfe5 33. b4 Bc4 34. Qc6 Bd5 35. Qd6 Bc4 36. Qc6 Bd5 37. Qd6 Bb7 38. c4 e2 39. a5 R5e6 40. Qd8+ Kh7 1/2-1/2

[Event "FRA Ch National 1"]
[Site "?"]
[Date "2005.05.08"]
[Round "11"]
[White "Dourerassou Jonathan"]
[Black "Mastrovasilis Dimitrios"]
[Result "1/2-1/2"]
[WhiteElo "2343"]
[BlackElo "2562"]
[PlyCount "99"]
[EventDate "2005.??.??"]
[Source "www.chesslib.no"]
[SourceDate "2004.05.04"]

1. e4 e5 2. Nf3 Nc6 3. Bb5 Nf6 4. O-O Nxe4 5. d4 Nd6 6. dxe5 Nxb5 7. a4 Nbd4 8. Nxd4 Nxd4 9. Qxd4 d5 10. Nc3 c6 11. a5 Be7 12. f4 Bf5 13. Be3 Qd7 14. Na4 O-O 15. Qc3 f6 16. Bd4 Be4 17. Nc5 Bxc5 18. Qxc5 f5 19. Ra3 Rfe8 20. Rg3 Re6 21. c3 h6 22. Qb4 Kh7 23. Be3 Qf7 24. Qd4 Qe7 25. Qc5 Qc7 26. Bd4 Rc8 27. b4 Ra8 28. Be3 Qf7 29. Qd4 Rg6 30. Rxg6 Qxg6 31. Qd2 Qf7 32. Qf2 a6 33. Qh4 Re8 34. h3 Re6 35. Kh2 Rg6 36. Rg1 Qd7 37. Bd4 Qe8 38. Bc5 Kh8 39. Qe7 Qxe7 40. Bxe7 Kg8 41. Bc5 Kf7 42. Bd4 Re6 43. g4 g6 44. g5 hxg5 45. Rxg5 Bf3 46. Kg3 Bd1 47. Kf2 Re8 48. Ke1 Bh5 49. Kd2 Ke6 50. Rg3 1/2-1/2

[Event "Evry"]
[Site "?"]
[Date "2005.02.27"]
[Round "9"]
[White "Dourerassou Jonathan"]
[Black "Shchekachev Andrei"]
[Result "1/2-1/2"]
[WhiteElo "2345"]
[BlackElo "2559"]
[PlyCount "93"]
[EventDate "2005.??.??"]
[Source "www.chesslib.no"]
[SourceDate "2004.05.04"]

1. e4 e5 2. Nf3 Nc6 3. Bb5 Nf6 4. O-O Nxe4 5. d4 Nd6 6. dxe5 Nxb5 7. a4 Nbd4 8. Nxd4 Nxd4 9. Qxd4 d5 10. Nc3 c6 11. a5 Bf5 12. f4 Qh4 13. Be3 Be7 14. Qd2 O-O 15. Na4 f6 16. Bf2 Qh6 17. e6 Bd6 18. Bc5 Bxc5+ 19. Nxc5 Rfe8 20. Nxb7 Rxe6 21. Rae1 Rxe1 22. Rxe1 Qg6 23. Nd6 Rd8 24. Qb4 Bxc2 25. Qc5 h5 26. Qxc6 f5 27. Qxd5+ Kh7 28. Re6 Be4 29. Nxe4 Rxd5 30. Ng5+ Qxg5 31. fxg5 Rxa5 32. Re7 h4 33. Kf2 a6 34. Re6 Ra4 35. Kf3 a5 36. Ra6 Rb4 37. Rxa5 Kg6 38. Ra7 Rxb2 39. Rc7 Rb3+ 40. Kf2 Rb4 41. Kf3 Rg4 42. g3 Rxg5 43. Rc6+ Kh5 44. Rc4 hxg3 45. hxg3 Rg6 46. Rc5 Kg5 47. Rc7 1/2-1/2

[Event "Lorca (Spain)"]
[Site "?"]
[Date "2005.07.??"]
[Round "5"]
[White "Fernandez Romero Ernesto"]
[Black "Rizouk Aimen"]
[Result "0-1"]
[WhiteElo "2449"]
[BlackElo "2452"]
[PlyCount "58"]
[EventDate "2005.??.??"]
[Source "www.chesslib.no"]
[SourceDate "2004.05.04"]

1. e4 e5 2. Nf3 Nc6 3. Bb5 Nf6 4. O-O Nxe4 5. d4 Nd6 6. dxe5 Nxb5 7. a4 d6 8. e6 fxe6 9. axb5 Ne7 10. Nc3 Nf5 11. Ra4 Be7 12. g4 Nh6 13. Bxh6 gxh6 14. Qd2 O-O 15. Kg2 Rf6 16. Ne4 Rg6 17. Ng3 Bd7 18. Qe2 a6 19. Rfa1 Rb8 20. c4 Rxg4 21. Ne5 Rxg3+ 22. hxg3 dxe5 23. Rd1 axb5 24. cxb5 Bd6 25. Rh4 Qf6 26. Rdh1 Bf8 27. Rg4+ Bg7 28. Qd2 Rf8 29. Rhh4 Bxb5 0-1

[Event "III Memorial E.Geller - Open A"]
[Site "Odessa UCR"]
[Date "2007.09.14"]
[Round "7"]
[White "Oleksienko, Mikhailo"]
[Black "Fingerov, Dmitry"]
[Result "1-0"]
[WhiteElo "2567"]
[BlackElo "2330"]
[PlyCount "59"]
[EventDate "2007.09.08"]
[Source "www.chesslib.no"]
[SourceDate "2004.05.04"]

1. e4 e5 2. Nf3 Nc6 3. Bb5 Nf6 4. O-O Nxe4 5. d4 Nd6 6. dxe5 Nxb5 7. a4 Nbd4 8. Nxd4 Nxd4 9. Qxd4 d5 10. Qd3 c6 11. a5 Be7 12. Qg3 Kf8 13. c3 h5 14. b4 h4 15. Qf4 Rh5 16. Be3 Rf5 17. Qd4 Qc7 18. f4 g5 19. Nd2 c5 20. bxc5 gxf4 21. Rxf4 Rxe5 22. Rxh4 Bxh4 23. Qxh4 Rxe3 24. Qh6+ Ke7 25. Qxe3+ Be6 26. Nb3 Rg8 27. Nd4 Kd7 28. Rb1 Qxa5 29. Rxb7+ Kc8 30. Rb8+ 1-0

[Event "RUS-Cup"]
[Site "Minsk"]
[Date "2000.??.??"]
[Round "2"]
[White "Yegiazarian, Arsen"]
[Black "Romanov, Oleg"]
[Result "1-0"]
[WhiteElo "2513"]
[BlackElo "2381"]
[PlyCount "109"]
[EventDate "2000.??.??"]
[Source "www.chesslib.no"]
[SourceDate "2004.05.04"]

1. e4 e5 2. Nf3 Nc6 3. Bb5 Nf6 4. O-O Nxe4 5. d4 Nd6 6. dxe5 Nxb5 7. a4 d6 8. axb5 Nxe5 9. Re1 Be7 10. Nxe5 dxe5 11. Qxd8+ Bxd8 12. Rxe5+ Be6 13. Nc3 O-O 14. Bf4 b6 15. Nd5 h6 16. h3 Kh7 17. c4 a5 18. bxa6 c6 19. Ne3 Bf6 20. Re4 Ra7 21. Be5 Rfa8 22. Bxf6 gxf6 23. f4 f5 24. Re5 Rxa6 25. Rxa6 Rxa6 26. g4 Ra1+ 27. Kh2 Ra2 28. gxf5 Rxb2+ 29. Kg3 Bc8 30. Re7 Rb3 31. Kf2 Rb2+ 32. Ke1 Kg7 33. Rc7 Ba6 34. h4 Rb4 35. Rxc6 Bb7 36. Rd6 Bf3 37. Kd2 Rb3 38. f6+ Kh7 39. f5 Rb1 40. Rd7 Kg8 41. Rd8+ Kh7 42. Rf8 Bh5 43. Rb8 Bf3 44. Rf8 Bh5 45. Kd3 b5 46. c5 b4 47. Kc2 Ra1 48. Nc4 Ra6 49. Kb3 Rxf6 50. Nd6 Bf3 51. Kxb4 Bc6 52. Kc4 Kg7 53. Rd8 h5 54. Kd4 Ba4 55. Ke5 1-0

[Event "Mondariz Cerrado-A"]
[Site "?"]
[Date "2002.12.18"]
[Round "4"]
[White "Lacasa Diaz Jose Antonio"]
[Black "Narciso Dublan Marc"]
[Result "1-0"]
[WhiteElo "2424"]
[BlackElo "2467"]
[PlyCount "57"]
[EventDate "2002.??.??"]
[Source "www.chesslib.no"]
[SourceDate "2004.05.04"]

1. e4 e5 2. Nf3 Nc6 3. Bb5 Nf6 4. O-O Nxe4 5. d4 Nd6 6. dxe5 Nxb5 7. a4 d6 8. e6 fxe6 9. axb5 Ne7 10. Nc3 Nf5 11. Nd4 Nxd4 12. Qxd4 Kf7 13. Ne4 Be7 14. Ra3 Qd7 15. Rf3+ Kg8 16. Rg3 e5 17. Qd3 h6 18. f4 exf4 19. Bxf4 Rh7 20. Qd4 Qxb5 21. Nf6+ Bxf6 22. Qxf6 Qc5+ 23. Rf2 Qf5 24. Qd8+ Qf8 25. Qxc7 Bf5 26. Bxd6 g6 27. Qxh7+ Kxh7 28. Bxf8 Rxf8 29. Rc3 1-0

[Event "Catalunya-ch"]
[Site "?"]
[Date "2002.??.??"]
[Round "9"]
[White "Lacasa Diaz Jose Antonio"]
[Black "Moskalenko Viktor"]
[Result "0-1"]
[WhiteElo "2336"]
[BlackElo "2538"]
[PlyCount "42"]
[EventDate "2002.??.??"]
[Source "www.chesslib.no"]
[SourceDate "2004.05.04"]

1. e4 e5 2. Nf3 Nc6 3. Bb5 Nf6 4. O-O Nxe4 5. d4 Nd6 6. dxe5 Nxb5 7. a4 d6 8. e6 fxe6 9. axb5 Ne7 10. Ng5 Ng6 11. Qh5 Be7 12. f4 Bxg5 13. fxg5 e5 14. Be3 Be6 15. Nc3 Qd7 16. Qf3 d5 17. Bc5 b6 18. Bb4 a5 19. Ba3 O-O-O 20. Qe2 d4 21. Ne4 Nf4 0-1